00380nam a2200121Ia 4500008004100000100001500041245008900056250001200145260003000157300002800187650002800215650001500243200922s9999 xx 000 0 und d aPeck, Roxy cRoxy Peck, chris Olsen, Jay L. DevoreaIntroduction to statistics and data analysis/ a5th ed. aSingapore:bCENGAGEc2019 axxix, 809 pagesc25 cm. aMathematical statistics aStatistics